Figuren aus dem Super Mario Universum benennen - Statistiken

Allgemein
  • Dieses Quiz wurde 247 mal gespielt
  • Das Durchschnittsergebnis liegt bei 14 aus 16
Antwortstatistiken
Bildquiz Antwort % Korrekt
Luigi
100%
Mario
100%
Prinzessin Peach
99%
Wario
98%
Bowser
97%
Yoshi
97%
Toad
95%
Donkey Kong
94%
Waluigi
92%
Prinzessin Daisy
86%
Toadette
83%
Bowser jr.
77%
Shy Guy
75%
Gumba
70%
Rosalina
67%
Buu Huu
62%
Keine übereinstimmenden Quizze gefunden
Verteilung der Resultate
Anzahl Personen mit jedem Resultat
Perzentil nach korrekt beantworteten Fragen
Ihre Resultats-Entwicklung
Sie haben dieses Quiz noch nicht gespielt